Random NBA Players - Statistics

General Stats
  • This quiz has been taken 45 times
    25 since last reset
  • The average score is 45 of 232
Answer Stats
Answer % Correct
LeBron James
100%
Kevin Durant
85%
Stephen Curry
70%
Kobe Bryant
65%
Michael Jordan
65%
Chris Paul
60%
Deandre Jordan
60%
Dell Curry
60%
Giannis Antetokounmpo
60%
James Harden
60%
Seth Curry
60%
Shaquille O'neal
55%
Bill Russell
50%
Jerry West
50%
Joel Embiid
50%
Kareem Abdul-Jabbar
50%
Larry Bird
50%
Luka Doncic
50%
Magic Johnson
50%
Charles Barkley
45%
David Robinson
45%
Jayson Tatum
45%
Julius Erving
45%
Kawhi Leonard
45%
Nikola Jokic
45%
Scottie Pippen
45%
Steve Nash
45%
Dennis Rodman
40%
Draymond Green
40%
Grant Williams
40%
Jason Kidd
40%
Jaylen Brown
40%
Klay Thompson
40%
Kyrie Irving
40%
Pau Gasol
40%
Paul George
40%
Ray Allen
40%
Tim Duncan
40%
Tristan Thompson
40%
AJ Green
35%
Anthony Davis
35%
Anthony Edwards
35%
Blake Griffin
35%
Bob Cousy
35%
Damian Lillard
35%
Devin Booker
35%
Donovan Mitchell
35%
Duncan Robinson
35%
Herbert Jones
35%
Isaiah Thomas
35%
Kevin Garnett
35%
Kevin Mchale
35%
Paul Pierce
35%
Russell Westbrook
35%
Victor Wembanyama
35%
Wilt Chamberlain
35%
Bol Bol
30%
Bradley Beal
30%
Chris Bosh
30%
Derrick White
30%
Hakeem Olajuwon
30%
Lamelo Ball
30%
Manute Bol
30%
Moses Malone
30%
Oscar Robertson
30%
Tony Parker
30%
Vince Carter
30%
ZIon WIlliamson
30%
Andrew Wiggins
25%
Derrick Rose
25%
Dirk Nowitzki
25%
Ja Morant
25%
Jimmy Butler
25%
John Stockton
25%
Karl Anthony Towns
25%
Karl Malone
25%
Lonzo Ball
25%
Robert Parish
25%
Allen Iverson
20%
Ben Simmons
20%
Carmelo Anthony
20%
Darius Garland
20%
Dejounte Murray
20%
Dominique Wilkins
20%
George Mikan
20%
Jamal Murray
20%
Jaren Jackson Jr
20%
Joe Johnson
20%
Jrue Holiday
20%
Keegan Murray
20%
Kevin Love
20%
Kyle Lowry
20%
Larry Johnson
20%
Penny Hardaway
20%
Steve Kerr
20%
Tim Hardaway
20%
Tim Hardaway Jr
20%
Trae Young
20%
Yao Ming
20%
Aaron Gordon
15%
Anfernee Simons
15%
Austin Reaves
15%
Bob Pettit
15%
Brandon Miller
15%
Cade Cunningham
15%
Dikembe Mutombo
15%
Elgin Baylor
15%
Gary Payton
15%
George Gervin
15%
Horace Grant
15%
Jalen Brunson
15%
James Worthy
15%
Jason Terry
15%
Jeremy Lin
15%
Joe Dumars
15%
John Havlicek
15%
John Wall
15%
Kelly Oubre Jr.
15%
Kentavious Caldwell-Pope
15%
Lamar Odom
15%
Manu Ginobilli
15%
Michael Porter Jr
15%
Reggie Miller
15%
Ron Artest
15%
Steven Adams
15%
Al Horford
10%
Andrew Bogut
10%
Ben Wallace
10%
Carlos Boozer
10%
Clyde Drexler
10%
Dwayne Wade
10%
Evan Mobley
10%
Franz Wagner
10%
Grant Hill
10%
Harrison Barnes
10%
Kyle Kuzma
10%
Mason Plumlee
10%
Matt Barnes
10%
Patrick Ewing
10%
Rick Barry
10%
Rudy Gobert
10%
Scottie Barnes
10%
Spud Webb
10%
Terry Rozier
10%
Tracy McGrady
10%
Zach Lavine
10%
Andre Drummond
5%
Andre Iguodala
5%
Bam Adebayo
5%
Bobby Portis
5%
Bob Mcadoo
5%
Bojan Bogdanovic
5%
Bronny James
5%
Chet Holmgren
5%
Clint Capela
5%
D'Angello Russell
5%
Dillon Brooks
5%
Gary Payton II
5%
Gilbert Arenas
5%
Gordon Hayward
5%
Isaiah Stewart
5%
JaVale McGee
5%
Jeremy Sochan
5%
Jerry Lucas
5%
John Collins
5%
Jonas Valanciunas
5%
Jonathan Isaac
5%
Jordan Clarkson
5%
Jordan Poole
5%
Josh Hart
5%
Julius Randle
5%
Kevon Loony
5%
Larry Nance
5%
Larry Nance Jr
5%
Malik Monk
5%
Mikal Bridges
5%
Mike Bibby
5%
Myles Turner
5%
PJ Tucker
5%
Rasheed Wallace
5%
Robert Horry
5%
Tobias Harris
5%
Tyrese Haliburton
5%
Walt Frazier
5%
Alex Caruso
0%
Austin Rivers
0%
Ayo Dosunmu
0%
Buddy Heild
0%
Christian Wood
0%
CJ McCollum
0%
Cobe White
0%
Cody Martin
0%
Daaron Fox
0%
Damar Derozan
0%
Daniel Gafford
0%
Deandre Ayton
0%
Derrick Fisher
0%
Desmond Bane
0%
Domantas Sabonas
0%
Donte DiVincenzo
0%
Isaiah Hartenstein
0%
Jaden Mcdaniels
0%
Jarred Vanderbilt
0%
Jaxson Hayes
0%
Jeremy Grant
0%
Jermain Oneal
0%
Jerret Allen
0%
Joe Ingles
0%
Johnathan Isaac
0%
Jonathan Kuminga
0%
Mark Gasol
0%
Marvin Bagley III
0%
Moses Moody
0%
Muggsy Bouges
0%
Pascal Siakam
0%
Payton Pritchard
0%
Ricky Rubio
0%
Ruben Patterson
0%
Rui Hashimura
0%
Shai Gilgious-Alexander
0%
Spencer Dinwiddie
0%
Taco Fall
0%
Taj Gibson
0%
Thanasis Antetokounmpo
0%
TJ Warren
0%
Trevor Ariza
0%
Tyler Herro
0%
Vlade Divac
0%
Yuta Watanabe
0%
No matching quizzes found
Score Distribution
Percent of People with Each Score
Percentile by Number Answered
Your Score History
You have not taken this quiz since the last reset